|
|
|
|
| LEADER |
00000nam a2200000 i 4500 |
| 001 |
1/74601 |
| 008 |
080216s2000 gre d |
| 020 |
|
|
|a 960-211-514-9
|
| 035 |
|
|
|l 10094695
|
| 040 |
|
|
|a GR-MY-UA
|b gre
|e aacr
|
| 041 |
0 |
|
|a gre
|
| 082 |
0 |
|
|a 881.009
|2 (22)
|
| 100 |
1 |
|
|a Παπαντωνάκης, Γεώργιος Δ.,
|d 1950-
|
| 245 |
1 |
2 |
|a Η μορφολογία της Σαχτουρικής μεταμόρφωσης /
|c Γ. Δ. Παπαντωνάκης
|
| 260 |
|
|
|a [Αθήνα] :
|b Νεφέλη,
|c 2000
|
| 300 |
|
|
|a 552 σ.;
|c 24 εκ.
|
| 504 |
|
|
|a Βιβλιογραφία: [491]-510.Ευρετήριο
|
| 600 |
1 |
0 |
|a Σαχτούρης, Μίλτος,
|d 1919-2005.
|
| 650 |
0 |
0 |
|a Greek poetry, Modern
|y 20th century
|x History and criticism.
|
| 852 |
|
|
|a INST
|b RHODES
|e 20080216
|h 881.009 ΠΑΠ
|p 005400029893
|q 005400029893
|t BK
|y 0
|
| 901 |
|
|
|a BIBL4-2008-1
|
| 909 |
|
|
|a Ρ
|b 128391
|
| 920 |
|
|
|a ΕΡΓΑΣΤΗΡΙΟ ΙΣΤΟΡΙΑΣ
|y ΡΟΔΟΣ
|z 2008-02
|
| 970 |
|
|
|a ΚΟΖΑ
|b ΜΑΡΙΑ
|z 2008/02/16
|